000 00266nam a22001097a 4500
008 170116b xxu||||| |||| 00| 0 eng d
020 _a9780781782692
041 _aeng
080 _26TH
_a618.2
245 _aPRACTICAL/ VOCATIONAL NURSING
_cKURZEN, C.R
942 _2udc
_cBK
999 _c2905
_d2905